Исследование защищенности пластиковых карт (на примере "Сбербанка"); Прогрессивные технологии и экономика в машиностроении

Detaylı Bibliyografya
Parent link:Прогрессивные технологии и экономика в машиностроении.— 2013.— [С. 330-332]
Yazar: Агаджанян Л. Л.
Müşterek Yazar: Национальный исследовательский Томский политехнический университет (ТПУ) Юргинский технологический институт (филиал) (ЮТИ) Кафедра экономики и автоматизации систем управления (ЭАСУ)
Diğer Yazarlar: Бубин М. Н. Михаил Николаевич (научный руководитель)
Özet:Заглавие с экрана
Dil:Rusça
Baskı/Yayın Bilgisi: 2013
Seri Bilgileri:Экономика, менеджмент и маркетинг на предприятии
Konular:
Online Erişim:http://www.lib.tpu.ru/fulltext/c/2013/C57/148.pdf
Materyal Türü: Elektronik Kitap Bölümü
KOHA link:https://koha.lib.tpu.ru/cgi-bin/koha/opac-detail.pl?biblionumber=606284

MARC

LEADER 00000naa2a2200000 4500
001 606284
005 20231101132408.0
035 |a (RuTPU)RU\TPU\conf\3663 
035 |a RU\TPU\conf\3647 
090 |a 606284 
100 |a 20140526d2013 k y0rusy50 ca 
101 0 |a rus  |g rus 
102 |a RU 
105 |a y z 100zy 
135 |a drcn ---uucaa 
181 0 |a i  
182 0 |a b 
200 1 |a Исследование защищенности пластиковых карт (на примере "Сбербанка")  |f Л. Л. Агаджанян  |g науч. рук. М. Н. Бубин 
203 |a Текст  |c электронный 
215 |a 1 файл(303 Кб) 
225 1 |a Экономика, менеджмент и маркетинг на предприятии 
230 |a Электронные текстовые данные (1 файл: 303 Кб) 
300 |a Заглавие с экрана 
320 |a [Библиогр.: с. 332 (2 назв.)] 
337 |a Adobe Reader 
463 1 |0 (RuTPU)RU\TPU\conf\2057  |t Прогрессивные технологии и экономика в машиностроении  |o сборник трудов IV Всероссийской научно-практической конференции с элементами научной школы для студентов и учащейся молодежи, 4-6 апреля 2013 года, Юрга  |f Национальный исследовательский Томский политехнический университет (ТПУ), Юргинский технологический институт (ЮТИ) ; отв. за вып. Д. А. Чинахов  |v [С. 330-332]  |d 2013 
610 1 |a электронный ресурс 
610 1 |a труды учёных ТПУ 
610 1 |a защищенность 
610 1 |a пластиковые карты 
610 1 |a Сбербанк 
700 1 |a Агаджанян  |b Л. Л. 
702 1 |a Бубин  |b М. Н.  |c гидрогеолог  |c доцент Юргинского технологического института Томского политехнического университета, кандидат географических наук  |f 1976-  |g Михаил Николаевич  |2 stltpush  |4 727 
712 0 2 |a Национальный исследовательский Томский политехнический университет (ТПУ)  |b Юргинский технологический институт (филиал) (ЮТИ)  |b Кафедра экономики и автоматизации систем управления (ЭАСУ)  |h 360  |2 stltpush  |3 (RuTPU)RU\TPU\col\18900 
801 1 |a RU  |b 63413507  |c 20101016 
801 2 |a RU  |b 63413507  |c 20140526  |g RCR 
856 4 |u http://www.lib.tpu.ru/fulltext/c/2013/C57/148.pdf 
942 |c BK